Sports Quiz

Random Sports or Basketball Quiz

2004-2005 illinois basketball lineup Quiz Stats

 Plays Quiz not verified by Sporcle

Challenge
Share
Tweet
Embed
Score 0/14 Timer 10:00
0 Plays Today
can you name the illinois roster of 2005 what a year % Correct
PGDeron Williams
100%
PGDee Brown
94.6%
SFLuther Head
93.2%
PFJames Augustine
82.4%
Coach Bruce Weber
77%
SFRoger Powell
73%
CNick Smith
59.5%
can you name the illinois roster of 2005 what a year % Correct
FJack Ingram
45.9%
SGRich McBride
45.9%
PFBrian Randle
40.5%
SGCalvin Brock
39.2%
PFWarren Carter
39.2%
PFShaun Pruitt
37.8%
PFMarcus Arnold
27%

You're not logged in!

Compare scores with friends on all Sporcle quizzes.
Join for Free
OR
Log In

You Might Also Like...

Show Comments

Extras

Top Quizzes Today


Score Distribution

Your Account Isn't Verified!

In order to create a playlist on Sporcle, you need to verify the email address you used during registration. Go to your Sporcle Settings to finish the process.

Report this User

Report this user for behavior that violates our Community Guidelines.

Details: